000
00336nam a22001457a 4500
008
230207b ||||| |||| 00| 0 eng d
020
_a
97805371605
041
_a
eng
080
_2
FIFTH EDITION
_a
573
082
_a
573CAM
100
_a
16
101
_a
BIO
245
_a
BIOLOGY CONCEPTS CONNECTIONS
_c
CAMPBELL.A.N
942
_2
udc
_c
BK
999
_c
59327
_d
59327